Sports Quiz

Random Sports Quiz

Aussie Open 2011 Quiz Stats

 Plays Quiz not verified by Sporcle

Support Sporcle.
Go Orange.
Score 0/16 Timer 05:00
0 Plays Today
Round Player % Correct
FinalistAndy Murray
98.2%
FinalistLi Na
98.2%
ChampionNovak Djokovic
94.6%
Quarterfinalist Rafael Nadal
92.9%
SemifinalistRoger Federer
92.9%
SemifinalistDavid Ferrer
76.8%
ChampionKim Clijsters
73.2%
SemifinalistCaroline Wozniacki
55.4%
Round Player % Correct
Quarterfinalist Tomas Berdych
53.6%
SemifinalistVera Zvonareva
50%
QuaterfinalistFrancesca Schiavone
48.2%
QuaterfinalistPetra Kvitova
41.1%
QuarterfinalistStanislas Wawrinka
33.9%
QuarterfinalistAlexandr Dolgopolov
32.1%
QuaterfinalistAgnieszka Radwanska
28.6%
QuarterfinalistAndrea Petkovic
28.6%

You're not logged in!

Compare scores with friends on all Sporcle quizzes.
OR
Log In

From the Vault

Big State Bonanza

by sproutcm

You know we wouldn't use the word 'bonanza' lightly.
Remove Ads.
Support Sporcle.
Get the best of Sporcle when you Go Orange. This ad-free experience offers more features, more stats, and more fun while also helping to support Sporcle. Thank you for becoming a member.

Show Comments

Extras

Top Quizzes Today


Score Distribution

Your Account Isn't Verified!

In order to create a playlist on Sporcle, you need to verify the email address you used during registration. Go to your Sporcle Settings to finish the process.

Report this User

Report this user for behavior that violates our Community Guidelines.

Details: